Vista normal
Vista MARC
Entrada Geographic Name
Número de registros utilizados en: 1
001 - CONTROL NUMBER
- control field: 11445
003 - CONTROL NUMBER IDENTIFIER
- control field: OSt
005 - DATE AND TIME OF LATEST TRANSACTION
- control field: 20201013164634.0
008 - FIXED-LENGTH DATA ELEMENTS
- fixed length control field: 201013|| aca||aabn | a|a d
040 ## - CATALOGING SOURCE
- Original cataloging agency: OSt
- Transcribing agency: OSt
151 ## - HEADING--GEOGRAPHIC NAME
- Geographic name: América Latina
- Form subdivision: ensayos, conferencias, etc.
- General subdivision: política y Gobierno
- Chronological subdivision: 1750-1850
670 ## - SOURCE DATA FOUND
- Source citation: Work cat.: (OSt)6259: Lynch, John, autor 11444, Hispanoamérica 1750-1850 : , 1987